Chargement en cours...
Indias security in resurgent Asia
| Auteur principal: | |
|---|---|
| Format: | Printed Book |
| Langue: | English |
| Publié: |
New Delhi
Heritage publishers
1979
|
| Sujets: |
| LEADER | 00513nam a22001577a 4500 | ||
|---|---|---|---|
| 005 | 20151026130426.0 | ||
| 008 | 100305t xxu||||| |||| 00| 0 eng d | ||
| 080 | |a 327(5) |b SAC | ||
| 100 | |a Sarhadi, Ajith Singh |9 10915 | ||
| 245 | |a Indias security in resurgent Asia | ||
| 260 | |a New Delhi |b Heritage publishers |c 1979 |9 10916 | ||
| 300 | |a 339 p | ||
| 653 | |a India's security | ||
| 942 | |c BK |6 _ | ||
| 999 | |c 5102 |d 5102 | ||
| 952 | |0 0 |1 0 |2 udc |4 0 |6 3275_SAC |7 0 |9 16429 |a UL |b UL |d 2010-03-05 |o 327(5) SAC |p 00020192 |r 2010-03-05 |w 2010-03-05 |y BK | ||